000
00337nam a2200145Ia 4500
008
210210b1937 xxu||||| |||| 00| 0 eng d
041
_a
eng
082
_a
869/292
100
_a
SHIVARANI DEVI
245
_a
Kaumudi
260
_a
BanAras
_b
Sarasvati Prakashana
_c
1937
650
_a
Kaumudi
690
_a
Hindi Fiction
906
_a
024091
999
_c
149090
_d
149090